Diccionario general ilustrado de la lengua espaňola

Salvato in:
Dettagli Bibliografici
Natura: Libro
Lingua:spagnolo
Pubblicazione: Barcelona Bibliograf 1992
Serie:VOX
Soggetti:
Tags: Aggiungi Tag
Nessun Tag, puoi essere il primo ad aggiungerne!!

MARC

LEADER 00000nam a2200000 4500
001 c131348
005 20221123102138.5
020 |a 84-7153-147-X 
041 0 |a spa 
044 |a ES 
245 1 0 |a Diccionario general ilustrado de la lengua espaňola 
264 1 |a Barcelona  |b Bibliograf  |c 1992 
300 |a 1178 s. 
490 1 |a VOX 
830 0 |a VOX 
610 2 0 |a jazykoveda 
610 2 0 |a terminológia 
610 2 0 |a jazyky cudzie